|
|
|
|
| LEADER |
00000nam0a2200000 4500 |
| 001 |
323615 |
| 005 |
20231102003604.0 |
| 035 |
|
|
|a (RuTPU)RU\TPU\book\349202
|
| 090 |
|
|
|a 323615
|
| 100 |
|
|
|a 20161024d1950 km y0rusy50 ca
|
| 101 |
0 |
|
|a rus
|
| 102 |
|
|
|a RU
|
| 105 |
|
|
|a a z 001zy
|
| 200 |
1 |
|
|a Горная электромеханика
|e труды и материалы
|h Вып. 14
|f Свердловский горный институт им. В. В. Вахрушева
|
| 210 |
|
|
|a Свердловск
|a Москва
|c Металлургиздат
|d 1950
|
| 215 |
|
|
|a 87 с.
|c ил.
|
| 320 |
|
|
|a Библиогр. в конце ст.
|
| 606 |
1 |
|
|a Горная электромеханика
|2 stltpush
|3 (RuTPU)RU\TPU\subj\7546
|9 35157
|
| 610 |
1 |
|
|a водоотлив
|
| 610 |
1 |
|
|a центробежные насосы
|
| 610 |
1 |
|
|a защита от коррозии
|
| 610 |
1 |
|
|a рудничный водоотлив
|
| 610 |
1 |
|
|a сжатый воздух
|
| 610 |
1 |
|
|a горная промышленность
|
| 610 |
1 |
|
|a применение
|
| 610 |
1 |
|
|a шахтные подъемные машины
|
| 610 |
1 |
|
|a тормоза
|
| 610 |
1 |
|
|a регулирование
|
| 610 |
1 |
|
|a электровозы
|
| 610 |
1 |
|
|a электровозная откатка
|
| 610 |
1 |
|
|a сигнализация
|
| 610 |
1 |
|
|a электроприводы
|
| 675 |
|
|
|a 622:621.3
|v 4
|
| 712 |
0 |
2 |
|a Свердловский горный институт им. В. В. Вахрушева
|c (1934-1991)
|2 stltpush
|3 (RuTPU)RU\TPU\col\6743
|9 24264
|
| 801 |
|
1 |
|a RU
|b 63413507
|c 20161024
|
| 801 |
|
2 |
|a RU
|b 63413507
|c 20191218
|g RCR
|
| 942 |
|
|
|c BK
|